Word Ladder: Song Chain Quiz Stats

 Plays Quiz Updated May 10, 2018

Score 0/32 Timer 04:00
0 Plays Today
Hint 4-Letter Word % Correct
Tolkien's 'The _____ of the Rings'LORD
96.4%
Alcoholic drink made with grapesWINE
95.5%
The top part of the bodyHEAD
95.1%
Fly, like an eagleSOAR
95.1%
To drenchSOAK
94.8%
A large farm buildingBARN
94.6%
'Take a _____ off'LOAD
94%
Element with symbol PbLEAD
93.9%
ChairSEAT
93.6%
Miami NBA team nicknameHEAT
92.7%
Santa's checked gift rosterLIST
91.8%
One of the deadly sinsLUST
91.7%
Reason to clean off the furnitureDUST
91.6%
Stream of airWIND
91.2%
Unit of languageWORD
90.8%
Cloth footwearSOCK
90.3%
Hint 4-Letter Word % Correct
Musical twosomeDUET
89.9%
UncoveredBARE
89%
⋆ Jay-Z's 'A [Rung 5] is _____'
Steppenwolf's '_____ to be [Rung 22]' ⋆
⋆ BORN ⋆
88%
Had onWORN
86.5%
Villain from 'The Dark Knight Rises'BANE
85.7%
Flop over like a dry flowerWILT
85.4%
Get smallerWANE
85.1%
⋆ Steppenwolf's '[Rung 15] to be _____'
Flo Rida's '_____ [Rung 31]' ⋆
⋆ WILD ⋆
84.5%
Takes to courtSUES
84.2%
Animal fat for cookingSUET
82.9%
A bouncy musical movementLILT
81.2%
Bit of sports infoSTAT
78.2%
⋆ Nickelback's '[Rung 1] _____'
Jay-Z's 'A _____ is [Rung 15]' ⋆
⋆ STAR ⋆
77.2%
⋆ Nickelback's '_____ [Rung 5]' ⋆⋆ ROCK ⋆
70.3%
Gaming platform introduced in the early 90sSNES
43%
⋆ Flo Rida's '[Rung 22] ______' ⋆⋆ ONES ⋆
35.2%

Today's Daily Dose

You're not logged in!

Compare scores with friends on all Sporcle quizzes.
OR
Log In

Sporcle TV

Today on Sporcle TV


Watch our educational content, quiz creation guides, and fun videos on Sporcle TV.

Show Comments

Extras

Top Quizzes Today


Score Distribution

Your Account Isn't Verified!

In order to create a playlist on Sporcle, you need to verify the email address you used during registration. Go to your Sporcle Settings to finish the process.

Report this User

Report this user for behavior that violates our Community Guidelines.

Details: